| 000 | 00472cam a2200169ua 4500 | ||
|---|---|---|---|
| 001 | 5402 | ||
| 008 | 120901n ii |||gr||||Z||||||eng | ||
| 040 | _cMAIN | ||
| 082 | _a425 | ||
| 100 |
_aMishra, Rajendra Nath, _eAuthor, |
||
| 245 | 1 | 0 |
_aPractical english grammar : _bcomposition and exercises / _cby Rajendra Nath Mishra . |
| 250 | _a1st. | ||
| 260 |
_aNew Delhi: _bSterling publishers pvt. ltd. |
||
| 300 |
_a79p: _c18cm. |
||
| 653 | _aEnglish grammar | ||
| 942 | _cBK | ||
| 999 |
_c4583 _d4583 |
||